[Event "FRA-chT Poule Haute"]
[Site "France"]
[Date "2003.05.08"]
[Round "9.6"]
[White "Bujisho, Benjamin"]
[Black "Gouret, Thierry"]
[Result "0-1"]
[WhiteElo "2408"]
[BlackElo "2248"]
[PlyCount "120"]
[EventDate "2003.05.07"]
[EventType "team-tourn"]
[EventRounds "4"]
[EventCountry "FRA"]
[SourceTitle "CBM 095"]
[Source "ChessBase"]
[SourceDate "2003.07.25"]
[SourceVersion "1"]
[SourceVersionDate "2003.07.25"]
[SourceQuality "1"]
[WhiteTeam "Nice"]
[BlackTeam "Gonfreville"]
[WhiteTeamCountry "FRA"]
[BlackTeamCountry "FRA"]

1. e4 c5 2. Nc3 d6 3. g3 Nc6 4. Bg2 Nf6 5. Nge2 e6 6. 0-0 Be7 7. d4 cxd4 8. Nxd4 0-0 9. h3 Bd7 10. Nce2 d5 11. exd5 Nxd5 12. Nxc6 Bxc6 13. Nd4 Ba4 14. Qe2 Qb6 15. c4 Nb4 16. Nf5 Bc5 17. Ne3 Rad8 18. b3 Bc6 19. Bxc6 Qxc6 20. Ba3 Qe4 21. Bxb4 Bxb4 22. Rad1 Bc5 23. Qg4 Qxg4 24. Nxg4 f6 25. Kg2 Kf7 26. Kf3 Ke7 27. Ne3 Rxd1 28. Rxd1 Rd8 29. Rxd8 Kxd8 30. Nc2 Kd7 31. Ne1 e5 32. Nd3 Be7 33. Ke3 Bd6 34. g4 g6 35. f3 Ke6 36. b4 f5 37. g5 Bb8 38. h4 h6 39. f4 exf4+ 40. Nxf4+ Kf7 41. c5 hxg5 42. hxg5 Bc7 43. Nh3 a5 44. a3 axb4 45. axb4 Ke6 46. Kd4 Bd8 47. Nf4+ Kf7 48. Nh3 Ke6 49. Nf4+ Kf7 50. Kd5 Bxg5 51. Ne6 Bd2 52. b5 Ke7 53. b6 Be3 54. Ke5 Kd7 55. Nf8+ Kc6 56. Nxg6 f4 57. Ne7+ Kxc5 58. Nd5 Bd4+ 59. Ke4 f3 60. Nf4 f2 0-1

[Event "FRA-chT Gp-A"]
[Site "France"]
[Date "2003.04.05"]
[Round "6.9"]
[White "Gallissot, Alexandre"]
[Black "Gouret, Thierry"]
[Result "0-1"]
[WhiteElo "2104"]
[BlackElo "2248"]
[PlyCount "124"]
[EventDate "2003.01.31"]
[EventType "team"]
[EventRounds "7"]
[EventCountry "FRA"]
[SourceTitle "CBM 095"]
[Source "ChessBase"]
[SourceDate "2003.07.25"]
[SourceVersion "1"]
[SourceVersionDate "2003.07.25"]
[SourceQuality "1"]
[WhiteTeam "Monaco"]
[BlackTeam "Gonfreville"]
[WhiteTeamCountry "FRA"]
[BlackTeamCountry "FRA"]

1. e4 c5 2. c3 e6 3. d4 d5 4. exd5 exd5 5. Nf3 Nc6 6. Be3 Qb6 7. Qd2 c4 8. Bg5 Bd6 9. Be2 Nge7 10. 0-0 0-0 11. Re1 Bf5 12. Nh4 Be6 13. Bf1 Qc7 14. Bxe7 Bxh2+ 15. Kh1 Bf4 16. Qc2 Qxe7 17. g3 Bd6 18. Nd2 Qd7 19. Ndf3 Be7 20. Rad1 b5 21. Bg2 g5 22. Rxe6 fxe6 23. Ng6 Rf5 24. Nge5 Nxe5 25. Nxe5 Qd6 26. Bh3 Rff8 27. Re1 Rae8 28. Nd7 Rf6 29. Nxf6+ Bxf6 30. Qd2 e5 31. dxe5 Rxe5 32. Rd1 d4 33. cxd4 Rd5 34. Qe2 Kg7 35. Qe8 Qd8 36. Qh5 Rxd4 37. Re1 Qd5+ 38. Kg1 Re4 39. Rd1 Rd4 40. Re1 Re4 41. Rd1 Qf7 42. Rd7 Re7 43. Qxf7+ Kxf7 44. Rd2 Re1+ 45. Kg2 Rb1 46. Rd7+ Kg6 47. b3 h5 48. Be6 c3 49. Bg8 Rb2 50. Bh7+ Kh6 51. Be4 g4 52. Rd6 Kg7 53. Rd7+ Kg8 54. a4 b4 55. Rc7 Bd4 56. Rc4 Rxf2+ 57. Kh1 Rd2 58. Rxb4 h4 59. gxh4 g3 60. Rb8+ Kg7 61. Rb7+ Kf6 62. Rc7 Rh2# 0-1

[Event "FRA-chT Gp-A"]
[Site "France"]
[Date "2003.02.02"]
[Round "3.8"]
[White "Gouret, Thierry"]
[Black "Relange, Eloi"]
[Result "0-1"]
[WhiteElo "2248"]
[BlackElo "2499"]
[PlyCount "118"]
[EventDate "2003.01.31"]
[EventType "team"]
[EventRounds "7"]
[EventCountry "FRA"]
[SourceTitle "CBM 094"]
[Source "ChessBase"]
[SourceDate "2003.05.26"]
[SourceVersion "1"]
[SourceVersionDate "2003.05.26"]
[SourceQuality "1"]
[WhiteTeam "Gonfreville"]
[BlackTeam "Clichy"]
[WhiteTeamCountry "FRA"]
[BlackTeamCountry "FRA"]

1. d4 Nf6 2. Bg5 Ne4 3. Bf4 c5 4. f3 Qa5+ 5. c3 Nf6 6. Nd2 cxd4 7. Nb3 Qb6 8. Qxd4 Nc6 9. Qxb6 axb6 10. e4 d5 11. exd5 Nxd5 12. Bd2 e5 13. Nh3 Be7 14. Bd3 Bxh3 15. gxh3 Ra4 16. Kf2 0-0 17. Be4 Nf6 18. Rhe1 Nd7 19. Kg2 f5 20. Bd5+ Kh8 21. c4 Bh4 22. Re2 Bf6 23. Bc3 e4 24. fxe4 Bxc3 25. bxc3 f4 26. Rf2 Nce5 27. Nd4 Nd3 28. Rd2 N7e5 29. Nf3 Nxf3 30. Rxd3 Ne5 31. Rd4 Ra3 32. Bxb7 g5 33. Rd5 Nxc4 34. Rxg5 Rxc3 35. Bd5 f3+ 36. Kh1 Ne3 37. Rag1 Rcc8 38. R5g3 f2 39. Rxe3 fxg1Q+ 40. Kxg1 Rc2 41. e5 Rd8 42. Bf3 Kg7 43. Re2 Rxe2 44. Bxe2 Re8 45. Kf2 Rxe5 46. Bd3 h6 47. Kf3 Kf6 48. h4 Ra5 49. Bc4 Ra4 50. Bb3 Rxh4 51. Kg3 Kg5 52. Be6 Re4 53. Bd5 Re3+ 54. Kf2 Kf4 55. Bc4 h5 56. Bb3 h4 57. Ba4 Rf3+ 58. Kg2 Rd3 59. Bb3 h3+ 0-1

[Event "FRA-chT Gp-A"]
[Site "France"]
[Date "2003.01.31"]
[Round "1.8"]
[White "Crut, Aurelien"]
[Black "Gouret, Thierry"]
[Result "1-0"]
[WhiteElo "2344"]
[BlackElo "2248"]
[PlyCount "99"]
[EventDate "2003.01.31"]
[EventType "team"]
[EventRounds "7"]
[EventCountry "FRA"]
[SourceTitle "CBM 094"]
[Source "ChessBase"]
[SourceDate "2003.05.26"]
[SourceVersion "1"]
[SourceVersionDate "2003.05.26"]
[SourceQuality "1"]
[WhiteTeam "Bordeaux"]
[BlackTeam "Gonfreville"]
[WhiteTeamCountry "FRA"]
[BlackTeamCountry "FRA"]

1. e4 d5 2. exd5 Nf6 3. d4 Bg4 4. Bb5+ Nbd7 5. f3 Bf5 6. g4 Bg6 7. Nc3 a6 8. Ba4 b5 9. Bb3 Nb6 10. a4 Nfxd5 11. Nxd5 Nxd5 12. Qe2 Rb8 13. axb5 axb5 14. f4 f6 15. Bd2 Bf7 16. f5 g6 17. Nh3 Qd7 18. Nf4 Bh6 19. Ne6 Bxd2+ 20. Kxd2 Bxe6 21. Qxe6 Nf4 22. Qe4 Qd6 23. Rhe1 g5 24. Ra6 Qd7 25. Ra8 Rxa8 26. Qxa8+ Qd8 27. Qc6+ Kf8 28. Qxb5 Kg7 29. Qc5 h5 30. Qxe7+ Kh6 31. c3 hxg4 32. Kc2 Rf8 33. Qxd8 Rxd8 34. Re7 c6 35. Rc7 Re8 36. Bc4 Nd5 37. Rxc6 Ne3+ 38. Kd2 Nxc4+ 39. Rxc4 Kh5 40. d5 Kh4 41. Rd4 Kh3 42. c4 Kxh2 43. Rxg4 Kh3 44. Rd4 g4 45. d6 g3 46. d7 Rd8 47. Ke2 g2 48. Kf2 Rb8 49. d8Q Rxb2+ 50. Rd2 1-0

[Event "Syre Memorial op 25th"]
[Site "Issy les Moulineaux"]
[Date "2002.05.10"]
[Round "4"]
[White "San Marco, Jean"]
[Black "Gouret, Thierry"]
[Result "0-1"]
[WhiteElo "2125"]
[BlackElo "2257"]
[PlyCount "80"]
[EventDate "2002.05.08"]
[EventType "swiss"]
[EventRounds "7"]
[EventCountry "FRA"]
[SourceTitle "EXT 2004"]
[Source "ChessBase"]
[SourceDate "2003.11.25"]
[SourceVersion "1"]
[SourceVersionDate "2003.11.25"]
[SourceQuality "1"]

1. d4 Nf6 2. Nf3 e6 3. Bf4 c5 4. c3 Be7 5. e3 b6 6. Bd3 0-0 7. Nbd2 Ba6 8. Bxa6 Nxa6 9. h3 cxd4 10. exd4 Nc7 11. 0-0 Ncd5 12. Bh2 b5 13. Ne5 d6 14. Nc6 Qb6 15. Nxe7+ Nxe7 16. Qe2 Rfc8 17. a3 a5 18. Ne4 Nxe4 19. Qxe4 d5 20. Qf4 Rc6 21. h4 Rac8 22. h5 h6 23. Rfd1 Nf5 24. g4 Nd6 25. g5 Nf5 26. gxh6 gxh6 27. Kh1 Kh7 28. Re1 Qd8 29. Re5 Qg5 30. Qf3 Rg8 31. Rg1 Qf6 32. Rxg8 Kxg8 33. Re1 Kh7 34. Rg1 Rc8 35. Rg4 Rg8 36. Be5 Qd8 37. Rxg8 Kxg8 38. Qg4+ Kh7 39. Bg3 Qg5 40. Qe2 Qxg3 0-1

[Event "FRA-chT1"]
[Site "France"]
[Date "2002.02.03"]
[Round "3.8"]
[White "Bernard, Jacques"]
[Black "Gouret, Thierry"]
[Result "1/2-1/2"]
[WhiteElo "2235"]
[BlackElo "2270"]
[PlyCount "49"]
[EventDate "2002.02.??"]
[EventType "team"]
[EventRounds "11"]
[EventCountry "FRA"]
[SourceTitle "EXT 2003"]
[Source "ChessBase"]
[SourceDate "2002.11.25"]
[SourceVersion "1"]
[SourceVersionDate "2002.11.25"]
[SourceQuality "1"]
[WhiteTeam "Noyon"]
[BlackTeam "Gonfreville"]
[WhiteTeamCountry "FRA"]
[BlackTeamCountry "FRA"]

1. e4 e5 2. Nf3 Nc6 3. Bb5 Nge7 4. 0-0 g6 5. d4 exd4 6. Nxd4 Bg7 7. Be3 0-0 8. Nc3 a6 9. Be2 d6 10. Qd2 f5 11. Bc4+ Kh8 12. Ne6 Bxe6 13. Bxe6 fxe4 14. Nxe4 d5 15. Ng5 Qd6 16. Rad1 Rad8 17. c4 d4 18. Qc1 Qe5 19. Bd2 Qf6 20. Rde1 Ne5 21. Rxe5 Qxe5 22. Nf7+ Rxf7 23. Bxf7 Qf5 24. Bd5 Nxd5 25. cxd5 1/2-1/2

[Event "FRA-chT1"]
[Site "France"]
[Date "2002.??.??"]
[Round "6.8"]
[White "Constantin, David"]
[Black "Gouret, Thierry"]
[Result "1/2-1/2"]
[WhiteElo "2097"]
[BlackElo "2270"]
[PlyCount "81"]
[EventDate "2002.02.??"]
[EventType "team"]
[EventRounds "11"]
[EventCountry "FRA"]
[SourceTitle "EXT 2003"]
[Source "ChessBase"]
[SourceDate "2002.11.25"]
[SourceVersion "1"]
[SourceVersionDate "2002.11.25"]
[SourceQuality "1"]
[WhiteTeam "Toulouse"]
[BlackTeam "Gonfreville"]
[WhiteTeamCountry "FRA"]
[BlackTeamCountry "FRA"]

1. e4 d5 2. exd5 Nf6 3. d4 Bg4 4. Nf3 Qxd5 5. Be2 e6 6. 0-0 Nc6 7. h3 Bh5 8. Be3 Be7 9. c4 Qd7 10. Nc3 0-0-0 11. g4 Bg6 12. Ne5 Nxe5 13. dxe5 Qxd1 14. Raxd1 Ne4 15. Nxe4 Bxe4 16. f3 Bc2 17. Rxd8+ Rxd8 18. Rc1 Bd3 19. Bxd3 Rxd3 20. Kf2 a6 21. Ke2 Rd8 22. Rd1 Rh8 23. g5 Rd8 24. Rxd8+ Kxd8 25. Kd3 Kd7 26. Ke4 Kc6 27. f4 Bc5 28. Bd2 g6 29. b4 Bf8 30. a4 b6 31. Kd4 h6 32. gxh6 Bxh6 33. b5+ axb5 34. axb5+ Kd7 35. c5 bxc5+ 36. Kxc5 Bf8+ 37. Kc4 Be7 38. Be3 Ba3 39. Bd2 Kc8 40. Be3 Kb7 41. Bd2 1/2-1/2

[Event "FRA-chT1"]
[Site "France"]
[Date "2002.??.??"]
[Round "7.8"]
[White "Gouret, Thierry"]
[Black "Brochet, Philippe"]
[Result "1/2-1/2"]
[WhiteElo "2270"]
[BlackElo "2381"]
[PlyCount "121"]
[EventDate "2002.02.??"]
[EventType "team"]
[EventRounds "11"]
[EventCountry "FRA"]
[SourceTitle "EXT 2003"]
[Source "ChessBase"]
[SourceDate "2002.11.25"]
[SourceVersion "1"]
[SourceVersionDate "2002.11.25"]
[SourceQuality "1"]
[WhiteTeam "Gonfreville"]
[BlackTeam "Nice"]
[WhiteTeamCountry "FRA"]
[BlackTeamCountry "FRA"]

1. d4 d5 2. Nf3 Nc6 3. Bf4 Bg4 4. Nbd2 e6 5. h3 Bh5 6. e3 Bd6 7. Bxd6 Qxd6 8. Be2 Nf6 9. 0-0 0-0 10. c4 Rfd8 11. Rc1 e5 12. Nxe5 Bxe2 13. Qxe2 Nxe5 14. dxe5 Qxe5 15. Nf3 Qe7 16. Rfd1 dxc4 17. Qxc4 c6 18. Rd4 Rd5 19. Rxd5 Nxd5 20. Qc5 Qe4 21. Qd4 Qxd4 22. Nxd4 Kf8 23. Kf1 Rd8 24. g3 Ke8 25. Ke2 Nf6 26. Rd1 Rd5 27. f3 g6 28. Rd3 a6 29. e4 Rd8 30. Nb3 b6 31. Rxd8+ Kxd8 32. Ke3 c5 33. e5 Nd5+ 34. Ke4 Nb4 35. a3 Nc6 36. f4 Ke7 37. g4 f6 38. exf6+ Kxf6 39. Kd5 Nd8 40. Nd2 Ne6 41. Ne4+ Ke7 42. Kc6 Nxf4 43. Kxb6 c4 44. Nd2 c3 45. bxc3 Nd5+ 46. Kxa6 Nxc3 47. Ka5 Kd6 48. Kb4 Nd5+ 49. Kc4 Nf4 50. Ne4+ Kc6 51. Nf2 h5 52. g5 h4 53. Nd3 Nxh3 54. Ne5+ Kb6 55. Nf3 Ka5 56. Kb3 Kb5 57. a4+ Kc5 58. Kc3 Nf2 59. Nxh4 Ne4+ 60. Kb3 Nxg5 61. Nxg6 1/2-1/2

[Event "Budapest FS09 IM-B"]
[Site "Budapest"]
[Date "2001.09.07"]
[Round "7"]
[White "Gouret, Thierry"]
[Black "Dobos, Jozsef"]
[Result "1/2-1/2"]
[WhiteElo "2320"]
[BlackElo "2309"]
[PlyCount "62"]
[EventDate "2001.09.01"]
[EventType "tourn"]
[EventRounds "10"]
[EventCountry "HUN"]
[EventCategory "1"]
[SourceTitle "CBM 084 Extra"]
[Source "ChessBase"]
[SourceDate "2001.10.26"]
[SourceVersion "1"]
[SourceVersionDate "2001.10.26"]
[SourceQuality "1"]

1. e4 c5 2. Nc3 g6 3. Nf3 Bg7 4. d4 cxd4 5. Nxd4 Nc6 6. Be3 Nf6 7. Nb3 0-0 8. Be2 d6 9. 0-0 a6 10. f4 b5 11. Bf3 Bb7 12. Qd2 Nd7 13. Rad1 Nb6 14. Be2 Nc4 15. Bxc4 bxc4 16. Nd4 Rc8 17. Nxc6 Bxc6 18. Bd4 Bxd4+ 19. Qxd4 Bb7 20. Rfe1 Qc7 21. Nd5 Bxd5 22. exd5 Rfe8 23. Re3 Qc5 24. c3 Rc7 25. b4 cxb3 26. axb3 Qxd4 27. Rxd4 Rec8 28. c4 a5 29. g3 Kf8 30. Re2 a4 31. bxa4 Rxc4 1/2-1/2

[Event "Budapest FS09 IM-B"]
[Site "Budapest"]
[Date "2001.09.03"]
[Round "3"]
[White "Gouret, Thierry"]
[Black "Cooke, Eric"]
[Result "1-0"]
[WhiteElo "2320"]
[BlackElo "2237"]
[PlyCount "85"]
[EventDate "2001.09.01"]
[EventType "tourn"]
[EventRounds "10"]
[EventCountry "HUN"]
[EventCategory "1"]
[SourceTitle "CBM 084 Extra"]
[Source "ChessBase"]
[SourceDate "2001.10.26"]
[SourceVersion "1"]
[SourceVersionDate "2001.10.26"]
[SourceQuality "1"]

1. e4 e6 2. d4 d5 3. e5 c5 4. c3 Nc6 5. Nf3 Bd7 6. Be2 Nge7 7. 0-0 Nf5 8. b3 Be7 9. dxc5 Bxc5 10. Ba3 Bxa3 11. Nxa3 0-0 12. Bd3 Nh4 13. Nxh4 Qxh4 14. f4 a6 15. Nc2 f5 16. Qd2 Rac8 17. c4 Ne7 18. Nd4 Rfd8 19. Qe3 Qh5 20. c5 Qf7 21. Rac1 Nc6 22. Nxc6 Bxc6 23. Qd4 Bb5 24. Bxb5 axb5 25. Rfd1 Qd7 26. Rd2 Qc6 27. Rc3 Rc7 28. h3 Rf7 29. Qb4 h6 30. Kh2 g5 31. Rg3 Rg7 32. Qd4 Rdd7 33. a4 bxa4 34. bxa4 gxf4 35. Rb3 Rc7 36. Qxf4 Qxc5 37. Qxh6 Qe7 38. Rb6 Rc6 39. Rxc6 bxc6 40. Rb2 Kf7 41. a5 Qd7 42. a6 Rg6 43. Qh7+ 1-0

[Event "Budapest FS09 IM-B"]
[Site "Budapest"]
[Date "2001.09.01"]
[Round "1"]
[White "Eperjesi, Laszlo"]
[Black "Gouret, Thierry"]
[Result "1-0"]
[WhiteElo "2255"]
[BlackElo "2320"]
[PlyCount "67"]
[EventDate "2001.09.01"]
[EventType "tourn"]
[EventRounds "10"]
[EventCountry "HUN"]
[EventCategory "1"]
[SourceTitle "CBM 084 Extra"]
[Source "ChessBase"]
[SourceDate "2001.10.26"]
[SourceVersion "1"]
[SourceVersionDate "2001.10.26"]
[SourceQuality "1"]

1. d4 d5 2. c4 dxc4 3. Nf3 c6 4. e3 Be6 5. Qc2 Nf6 6. Bxc4 Bxc4 7. Qxc4 e6 8. Nc3 Be7 9. 0-0 0-0 10. e4 Nbd7 11. Rd1 Qa5 12. Bf4 Rac8 13. a3 b5 14. Qe2 a6 15. h3 Qb6 16. Bh2 Rfe8 17. Rac1 h6 18. Kh1 Qb7 19. Ne5 Nxe5 20. Bxe5 Nd7 21. Bf4 Nb6 22. Rd3 c5 23. Qg4 Kh7 24. d5 exd5 25. Qf5+ Kh8 26. Nxd5 Nxd5 27. exd5 Bf6 28. d6 Rcd8 29. Rxc5 Qe4 30. d7 Qe1+ 31. Kh2 Re2 32. Re3 Rxe3 33. fxe3 Qh4 34. Rc8 1-0

[Event "FRA-chT"]
[Site "France"]
[Date "2001.02.04"]
[Round "3.5"]
[White "Gouret, Thierry"]
[Black "Cappon, John"]
[Result "1/2-1/2"]
[WhiteElo "2322"]
[BlackElo "2188"]
[PlyCount "104"]
[EventDate "2001.02.02"]
[EventType "team"]
[EventRounds "11"]
[EventCountry "FRA"]
[SourceTitle "EXT 2002"]
[Source "ChessBase"]
[SourceDate "2001.11.25"]
[SourceVersion "1"]
[SourceVersionDate "2001.11.25"]
[SourceQuality "1"]
[WhiteTeam "Gonfreville"]
[BlackTeam "Cappelle la Grande"]
[WhiteTeamCountry "FRA"]
[BlackTeamCountry "FRA"]

1. Nf3 d5 2. g3 Nf6 3. Bg2 c5 4. 0-0 Nc6 5. d3 e5 6. e4 dxe4 7. dxe4 Qxd1 8. Rxd1 Bg4 9. c3 Be7 10. Na3 0-0 11. h3 Bh5 12. Re1 Nd7 13. Nc4 Bg6 14. Nfd2 Rfd8 15. Ne3 Nb6 16. Nd5 Bd6 17. Nxb6 axb6 18. Nc4 Bc7 19. Be3 f6 20. Na3 Na7 21. f3 Bf7 22. Bf1 Kf8 23. Kf2 Ke7 24. Bc4 Bxc4 25. Nxc4 Nc6 26. Ke2 Ke6 27. Bf2 Rd7 28. Red1 Rxd1 29. Kxd1 Kd7 30. Kc2 Ne7 31. Rd1+ Kc6 32. a3 Rd8 33. Rxd8 Bxd8 34. b3 b5 35. Ne3 Nc8 36. c4 Nd6 37. Kd3 Ba5 38. f4 bxc4+ 39. Nxc4 Nxc4 40. Kxc4 b5+ 41. Kd3 Bb6 42. Be1 Bc7 43. f5 Bd6 44. Ba5 Be7 45. g4 h6 46. h4 Bf8 47. Kc3 Be7 48. Kd3 Bf8 49. Bd2 Be7 50. Kc2 Bd8 51. Bc3 Be7 52. Bd2 Bd8 1/2-1/2

[Event "Mans"]
[Site "Mans"]
[Date "2001.??.??"]
[Round "7"]
[White "Gouret, Thierry"]
[Black "Rouillon, Ludovic"]
[Result "0-1"]
[WhiteElo "2322"]
[BlackElo "2153"]
[PlyCount "108"]
[EventDate "2001.02.??"]
[EventType "tourn"]
[EventRounds "9"]
[EventCountry "FRA"]
[EventCategory "4"]
[SourceTitle "EXT 2002"]
[Source "ChessBase"]
[SourceDate "2001.11.25"]
[SourceVersion "1"]
[SourceVersionDate "2001.11.25"]
[SourceQuality "1"]

1. d4 Nf6 2. Bg5 Ne4 3. Bf4 c5 4. f3 Qa5+ 5. c3 Nf6 6. Nd2 cxd4 7. Nb3 Qd8 8. cxd4 d5 9. e3 e6 10. Bd3 Bb4+ 11. Kf2 0-0 12. Ne2 Re8 13. g4 Nc6 14. Ng3 Nd7 15. Qc2 g6 16. h4 Bf8 17. Bg5 Nb4 18. Bxd8 Nxc2 19. Bxc2 Rxd8 20. f4 Nf6 21. g5 Ne8 22. Bd3 Nd6 23. Rac1 Bd7 24. Nc5 Rac8 25. Nxd7 Rxd7 26. Rxc8 Nxc8 27. Rc1 Nd6 28. Ne2 Be7 29. Ke1 Bd8 30. Ng1 f5 31. Nf3 Rc7 32. Rxc7 Bxc7 33. Ne5 Kf8 34. Kd2 Nf7 35. Nd7+ Ke7 36. Nc5 Nd6 37. Kc3 Bb6 38. Kb4 Bc7 39. Be2 b6 40. Na6 Kd7 41. h5 Kc6 42. h6 Bd8 43. Bb5+ Nxb5 44. Nb8+ Kc7 45. Kxb5 Kxb8 46. Kc6 Be7 47. Kd7 Bb4 48. Kxe6 Bd2 49. Kf6 Bxe3 50. Kg7 Bxf4 51. Kxh7 Bxg5 52. Kxg6 Bxh6 53. Kxf5 Kc7 54. Ke6 Kc6 0-1

[Event "BEL-chT 0001"]
[Site "Belgium"]
[Date "2000.10.15"]
[Round "1"]
[White "Lemmers, Ruud"]
[Black "Gouret, Thierry"]
[Result "0-1"]
[WhiteElo "2156"]
[BlackElo "2345"]
[PlyCount "70"]
[EventDate "2001.10.15"]
[EventType "team"]
[EventRounds "9"]
[EventCountry "BEL"]
[SourceTitle "EXT 2007"]
[Source "ChessBase"]
[SourceDate "2006.11.23"]
[SourceVersion "1"]
[SourceVersionDate "2006.11.23"]
[SourceQuality "1"]

1. e4 d5 2. exd5 Nf6 3. d4 Bg4 4. Nf3 Qxd5 5. Be2 Nc6 6. c4 Qh5 7. Qa4 e6 8. Nc3 Bb4 9. Bf4 0-0-0 10. 0-0 Qa5 11. Qxa5 Bxa5 12. a3 Bxf3 13. gxf3 Rxd4 14. Be3 Bxc3 15. bxc3 Rd7 16. Rab1 Rhd8 17. Rb2 Rd3 18. Bxd3 Rxd3 19. Rfb1 b6 20. c5 Rxc3 21. cxb6 axb6 22. Rc1 Rxc1+ 23. Bxc1 Nd5 24. Kg2 Kb7 25. Kg3 Nd4 26. Rd2 c5 27. Bb2 e5 28. Bxd4 exd4 29. f4 Kc6 30. Kf3 Nc3 31. f5 Kd5 32. Rb2 b5 33. Rc2 Kc4 34. Rc1 b4 35. axb4 cxb4 0-1

[Event "Budapest FS09 IM-B"]
[Site "Budapest"]
[Date "2000.09.10"]
[Round "9"]
[White "Gouret, Thierry"]
[Black "Seres, Lajos"]
[Result "1-0"]
[WhiteElo "2346"]
[BlackElo "2444"]
[PlyCount "83"]
[EventDate "2000.09.02"]
[EventType "tourn"]
[EventRounds "11"]
[EventCountry "HUN"]
[EventCategory "3"]
[SourceTitle "CBM 078 Extra"]
[Source "ChessBase"]
[SourceDate "2000.11.10"]
[SourceVersion "1"]
[SourceVersionDate "2000.11.10"]
[SourceQuality "1"]

1. e4 c5 2. Nf3 Nc6 3. Bb5 g6 4. 0-0 Bg7 5. Re1 Nf6 6. e5 Nd5 7. Nc3 Nc7 8. Bxc6 dxc6 9. d3 0-0 10. h3 Ne6 11. Ne4 b6 12. Neg5 h6 13. Nxe6 Bxe6 14. b3 Qd7 15. Bb2 Rfd8 16. Qe2 Qb7 17. Nd2 Rd7 18. Qe3 Rad8 19. f4 Rd5 20. Ne4 Rf8 21. Re2 Bf5 22. g4 Bc8 23. Rf1 f5 24. exf6 exf6 25. c4 Rdd8 26. f5 gxf5 27. gxf5 Qf7 28. Rg2 Kh7 29. Kh1 Qh5 30. Qg3 Bh8 31. Qg6+ Qxg6 32. fxg6+ Kg8 33. g7 Bxg7 34. Rfg1 Rxd3 35. Rxg7+ Kh8 36. R7g3 Rxg3 37. Rxg3 Rg8 38. Bxf6+ Kh7 39. Rxg8 Kxg8 40. Nf2 Bf5 41. Nd1 Bxh3 42. Be5 1-0

[Event "Budapest FS09 IM-B"]
[Site "Budapest"]
[Date "2000.09.04"]
[Round "3"]
[White "Gouret, Thierry"]
[Black "Gonda, Laszlo"]
[Result "1/2-1/2"]
[WhiteElo "2346"]
[BlackElo "2255"]
[PlyCount "94"]
[EventDate "2000.09.02"]
[EventType "tourn"]
[EventRounds "11"]
[EventCountry "HUN"]
[EventCategory "3"]
[SourceTitle "CBM 078 Extra"]
[Source "ChessBase"]
[SourceDate "2000.11.10"]
[SourceVersion "1"]
[SourceVersionDate "2000.11.10"]
[SourceQuality "1"]

1. e4 c5 2. Nc3 a6 3. f4 b5 4. Nf3 Bb7 5. d3 g6 6. Be3 d6 7. g3 Bg7 8. Qd2 e6 9. Bg2 Ne7 10. 0-0 0-0 11. e5 Nf5 12. Bf2 Ne7 13. Rae1 Qc7 14. exd6 Qxd6 15. Ne4 Bxe4 16. dxe4 Qxd2 17. Nxd2 Bxb2 18. Bxc5 Rd8 19. e5 Nd5 20. c4 bxc4 21. Nxc4 Nd7 22. Bf2 Rab8 23. Rd1 Nf8 24. Rb1 Bc3 25. Be4 Kg7 26. Rfd1 h6 27. Kg2 g5 28. Kf3 Ng6 29. Rxb8 Rxb8 30. Bxd5 exd5 31. Rxd5 Rb4 32. Rc5 gxf4 33. gxf4 Nf8 34. Nd6 Bd2 35. Ne4 Bxf4 36. Kxf4 Ne6+ 37. Kf5 Nxc5 38. Bxc5 Rb2 39. a4 Rxh2 40. a5 h5 41. Bd4 Kf8 42. Bf2 Rh1 43. Kf4 h4 44. Bb6 Ke7 45. Kf3 Ke6 46. Nc5+ Kxe5 47. Nxa6 Rb1 1/2-1/2

[Event "FRA-chT 9900"]
[Site "France"]
[Date "2000.05.01"]
[Round "11.5"]
[White "Van Elst, Andreas"]
[Black "Gouret, Thierry"]
[Result "1/2-1/2"]
[WhiteElo "2293"]
[BlackElo "2303"]
[PlyCount "35"]
[EventDate "1999.02.04"]
[EventType "team"]
[EventRounds "11"]
[EventCountry "FRA"]
[SourceTitle "EXT 2001"]
[Source "ChessBase"]
[SourceDate "2000.11.22"]
[SourceVersion "1"]
[SourceVersionDate "2000.11.22"]
[SourceQuality "1"]

1. e4 d5 2. exd5 Nf6 3. d4 Bg4 4. Bb5+ Nbd7 5. f3 Bf5 6. c4 a6 7. Bxd7+ Qxd7 8. Ne2 e6 9. dxe6 Qxe6 10. d5 Qb6 11. Qd4 Qxd4 12. Nxd4 Bd3 13. b3 b5 14. cxb5 Bxb5 15. Nc3 Bb4 16. Bd2 Bxc3 17. Bxc3 Nxd5 18. Bd2 1/2-1/2